Hazbin Hotel Poison Lyrics - Statistics

General Stats
  • This quiz has been taken 189 times
  • The average score is 183 of 247
Answer Stats
Hint Answer % Correct
Verse 2 | Verse 3 I
97%
a
96%
Verse 1 I'm
94%
no
92%
poison
92%
Outro Poison
92%
not
90%
to
89%
To
89%
you
88%
in
87%
love
86%
night
85%
of
85%
your
85%
know
84%
me
84%
the
83%
Yeah
83%
Another
82%
another
82%
can
82%
cash
81%
this
81%
feedin'
79%
my
79%
My
79%
swallow
79%
it
78%
that
78%
when
78%
but
77%
can't
77%
eyes
77%
help
77%
what
77%
you're
77%
You're
77%
one
76%
ruthless
76%
Up
76%
up
76%
hell?
75%
those
75%
tomorrow
75%
lights
74%
above
73%
be
73%
flashin'
73%
lover
73%
nights
73%
so
73%
Pre-Chorus So
73%
blame
71%
Chorus 'Cause
71%
happen
71%
myself
71%
only
70%
part
70%
underneath
70%
and
69%
lies
69%
there's
69%
want
69%
Any
68%
baby
68%
from
68%
got
68%
worst
68%
would
68%
Every
67%
like
67%
Pre-Chorus What's
67%
it's
66%
livin'
66%
looked
66%
way
65%
yours
65%
Addicted
64%
all
64%
end
64%
dead
63%
feelin'
63%
I'll
63%
known
63%
choice
62%
drownin'
62%
guessed
62%
with
62%
at
61%
hear
61%
red-hot
61%
untrue
61%
gonna
60%
good
60%
that's
60%
made
59%
tellin'
59%
live
58%
bein'
57%
for
57%
story's
56%
gulp
55%
wanna
55%
resist
54%
spewin'
53%
chokin'
52%
disappear
52%
somethin'
52%
far
51%
Wish
51%
shoulda
50%
sick
50%
had
49%
taste
49%
difficult
48%
hollow
48%
glass
47%
always
46%
beyond
46%
disassociate
46%
Full
46%
fillin'
42%
Post-Chorus Oh-oh
42%
wasted
34%
No matching quizzes found
Score Distribution
Percent of People with Each Score
Percentile by Number Answered
Your Score History
You have not taken this quiz